MARC details
| 000 -CABECERA |
| campo de control de longitud fija |
00902nam a2200253 a 4500 |
| 005 - FECHA Y HORA DE LA ÚLTIMA TRANSACCIÓN |
| campo de control |
20231101063619.0 |
| 008 - ELEMENTOS DE LONGITUD FIJA--INFORMACIÓN GENERAL |
| campo de control de longitud fija |
991125s1985 mx 000 0 spa u |
| 020 ## - NÚMERO INTERNACIONAL NORMALIZADO PARA LIBROS |
| Número Internacional Estándar del Libro |
9681620348 |
| 035 ## - NÚMERO DE CONTROL DEL SISTEMA |
| Número de control de sistema |
UPN01000003166 |
| 040 ## - FUENTE DE LA CATALOGACIÓN |
| Centro catalogador/agencia de origen |
MX-MxUPN |
| Lengua de catalogación |
spa |
| Centro/agencia transcriptor |
MX-MxUPN |
| 050 #4 - SIGNATURA TOPOGRÁFICA DE LA BIBLIOTECA DEL CONGRESO |
| Número de clasificación |
PQ7104 |
| Número de documento/Ítem |
L5 no.99 |
| 100 1# - ASIENTO PRINCIPAL--NOMBRE PERSONAL |
| Nombre de persona |
Cuesta, Jorge, |
| Fechas asociadas al nombre |
1903-1941 |
| 245 10 - MENCIÓN DE TÍTULO |
| Título |
Antología de la poesía mexicana moderna / |
| Mención de responsabilidad, etc. |
Jorge Cuesta ; presentación de Guillermo Sheridan. |
| 250 ## - MENCIÓN DE EDICIÓN |
| Mención de edición |
Primera edición |
| 260 ## - PUBLICACIÓN, DISTRIBUCIÓN, ETC. |
| Lugar de publicación, distribución, etc. |
México : |
| Nombre del editor, distribuidor, etc. |
Fondo de Cultura Económica : |
| -- |
Secretaría de Educación Pública, Subsecretaría de Cultura, |
| Fecha de publicación, distribución, etc. |
1985. |
| 300 ## - DESCRIPCIÓN FÍSICA |
| Extensión |
247 páginas |
| 490 ## - MENCIÓN DE SERIE |
| Mención de serie |
Lecturas mexicanas ; |
| Designación de volumen o secuencia |
99 |
| 650 #2 - ASIENTO SECUNDARIO DE MATERIA - TERMINO TEMATICO |
| Término de materia o nombre geográfico como elemento de entrada |
Literatura mexicana |
| Subdivisión de forma |
Colecciones |
| 9 (RLIN) |
9428 |
| 650 #4 - ASIENTO SECUNDARIO DE MATERIA - TERMINO TEMATICO |
| Término de materia o nombre geográfico como elemento de entrada |
Poesía mexicana |
| 9 (RLIN) |
1273 |
| 650 #2 - ASIENTO SECUNDARIO DE MATERIA - TERMINO TEMATICO |
| Término de materia o nombre geográfico como elemento de entrada |
Poetas mexicanos |
| 9 (RLIN) |
1325 |
| 700 1# - ASIENTO SECUNDARIO--NOMBRE DE PERSONAL |
| Nombre de persona |
Sheridan, Guillermo, |
| Fechas asociadas al nombre |
1950- |
| Término indicativo de función/relación |
presentador |
| 9 (RLIN) |
31567 |
| 905 ## - TIPO DE MATERIAL |
| Tipo de material |
Libro |
| 942 ## - ELEMENTOS DE PUNTO DE ACCESO ADICIONAL (KOHA) |
| Fuente del sistema de clasificación o colocación |
Library of Congress Classification |
| Tipo de ítem Koha |
Libro |